000 006650000a22002170004500
001 002450
005 20250617114433.0
008 130817t xxu||||| |||| 00| 0 eng d
020 _a091592868X
082 _a500.5
_bGLO
090 _c2450
_d2450
245 _aGlobal implication of space activities /
260 _aNew York :
_c1982
_bAmerican Institute of Aeronaustics and Astronantics
300 _avii, 153 p. :
_bill. ;
_c23 cm.
500 _aIncludes bibliographical references
650 _aSpace science
_921830
650 _aUnited States - congresses
_921831
650 _aAstronautics
_921832
650 _aUnited States
_94398
942 _cBOOK
_2ddc
999 _c2450
_d2450